London Through the Ages - Statistics

General Stats
  • This quiz has been taken 553 times
  • The average score is 17 of 20
Answer Stats
Year Hint Answer % Correct
1953 Worldwide broadcasted coronation of this monarch Elizabeth II
97%
1997 Funeral after the death of this woman in Paris Diana Spencer
95%
959 Coronation and burial place of monarchs Westminster Abbey
94%
1819 Birth of this 63 years long ruler at Kensington Palace Queen Victoria
93%
2000 Europe's tallest cantilevered observation wheel London Eye
92%
1991 Famous musician who died from AIDS at 45 Freddie Mercury
91%
1863 Nickname given to the Underground, the oldest in the world The Tube
89%
1534 Name of a branch of Christianity founded by King Henry VIII Anglicanism
88%
1883 German socialist who died in exile Karl Marx
88%
1599 Theatre built by Shakespeare's playing company The Globe Theatre
88%
1066 Home of the Crown Jewels of England Tower of London
87%
1969 Street the Beatles crossed on a famous album cover Abbey Road
86%
1727 Physicist, astronomer and mathematician who died a virgin Isaac Newton
86%
2012 Event held 64 years after its last edition Olympic Games
83%
1658 Tyrannical leader for some, whose head was impaled after his death Oliver Cromwell
78%
43 Name given by the Romans Londinium
77%
1940 French Resistance leader who gave a speech in the BBC studio Charles de Gaulle
75%
1979 Rock band singing "London Calling" The Clash
64%
1912 Death of Dracula's father Bram Stoker
60%
1802 Egyptian stele exhibited at the British Museum Rosetta Stone
53%
No matching quizzes found
Score Distribution
Percent of People with Each Score
Percentile by Number Answered
Your Score History
You have not taken this quiz